000 00471nam a2200181Ia 4500
005 20250326130324.0
008 250326s9999 xx 000 0 und d
037 _aTextbook
040 _aFMSL
_beng
_cFMSL
041 _aeng
_2eng
084 _aX:8 L0
_qFMSL
100 _aBatten J D
245 0 _aTough minded management
_cBatten J D
260 _aNew Delhi
_bNew Delhi, Tara
_c1970
300 _a218p
942 _cTB
_hX:8 L0
999 _c1281980
_d1281980